The White House years : Mandate for change 1953 - 1956
Сохранить в:
| Главный автор: | |
|---|---|
| Формат: | |
| Язык: | Undetermined |
| Опубликовано: |
Garden City
Doubleday
1963
|
| Предметы: | |
| Метки: |
Добавить метку
Нет меток, Требуется 1-ая метка записи!
|
| Thư viện lưu trữ: | Trung tâm Học liệu Trường Đại học Cần Thơ |
|---|
| LEADER | 00592nam a2200217Ia 4500 | ||
|---|---|---|---|
| 001 | CTU_88711 | ||
| 008 | 210402s9999 xx 000 0 und d | ||
| 082 | |a 973.921 | ||
| 082 | |b E36 | ||
| 100 | |a Eisenhower, Dwight D. | ||
| 245 | 4 | |a The White House years : | |
| 245 | 0 | |b Mandate for change 1953 - 1956 | |
| 245 | 0 | |c Dwight D. Eisenhower | |
| 260 | |a Garden City | ||
| 260 | |b Doubleday | ||
| 260 | |c 1963 | ||
| 650 | |a Politics and government | ||
| 650 | |x United States | ||
| 650 | |y 1953-1961 | ||
| 904 | |i Bằng,Hải | ||
| 980 | |a Trung tâm Học liệu Trường Đại học Cần Thơ | ||